| 000 | 00444nam a22001817a 4500 | ||
|---|---|---|---|
| 005 | 20230713124401.0 | ||
| 008 | 230713b |||||||| |||| 00| 0 eng d | ||
| 020 | _a9781285767307 | ||
| 082 |
_a004 _bMOR-U |
||
| 100 | _aMorley, Deborah | ||
| 245 | _aUnderstanding computers : today & tomorrow | ||
| 250 | _a15th | ||
| 260 |
_aUSA _bCengage _c2015 |
||
| 300 | _a391p | ||
| 500 | _aInclude Index | ||
| 650 | _aComputer Science | ||
| 999 |
_c25965 _d25965 |
||